000 01610nam a22004217a 4500
003 CHAP
005 20220329135742.0
008 971013c19731968 r 00010 d
010 _a41507
011 _a42479
035 _a46608
040 _cCHAP
082 _a575.11
_bF67Y
100 0 0 _aFord, E. B.
_942293
245 _aMendelismo y evolución
260 _aBarcelona :
_bLabor,
_c1973 (c.1968)
300 _a105 p.
490 _aNueva colección Labor
_v; 67
590 _aBATCH-UPD
_b10
_c20130110
_lUCH01
_h0921
590 _aBATCH-UPD
_b10
_c20130410
_lUCH01
_h0543
590 _aBATCH-UPD
_b10
_c20130914
_lUCH01
_h1335
590 _aCONVERSION
_b10
_c20130109
_lUCH01
_h1323
650 1 4 _aEvolución.
_939007
650 1 4 _aMendel, Ley de.
_974563
830 0 _aNueva colección Labor
_v; 67
_982133
901 _aBK
942 _cLIBRO
949 _a575.11 F67Y
_bBC
_cLIBRO
_d-106187
_eLIBRO
_h37146
_i46608
_si
949 _a575.11 F67Y
_bBC
_cLIBRO
_d-106188
_eLIBRO
_fc.2
_h37147
_i46608
_si
949 _a575.11 F67Y
_bBC
_cLIBRO
_d-106189
_eLIBRO
_fc.3
_h37148
_i46608
_si
949 _a575.11 F67Y
_bBC
_cLIBRO
_d-106190
_eLIBRO
_fc.4
_h37149
_i46608
_si
949 _a575.11 F67Y
_bBC
_cLIBRO
_d-106191
_eLIBRO
_fc.5
_h37150
_i46608
_si
949 _a575.11 F67Y
_bBC
_cLIBRO
_d-106192
_eLIBRO
_fc.6
_h37151
_i46608
_si
949 _a575.11 F67Y
_bBC
_cLIBRO
_d-106193
_eLIBRO
_fc.7
_h37152
_i46608
_si
949 _a575.11 F67Y
_bBC
_cLIBRO
_d-106194
_eLIBRO
_fc.8
_h37153
_i46608
_si
949 _a575.11 F67Y
_bBC
_cLIBRO
_d-106195
_eLIBRO
_fc.9
_h37154
_i46608
_si
949 _a575.11 F67Y
_bBC
_cLIBRO
_d-106196
_eLIBRO
_fc.10
_h37155
_i46608
_si
999 _c41507
_d41507